[Event "13sen.WMH 2003 Senioren"]
[Site "Bad Zwischenahn(17.11.-29.11.2003)"]
[Date "2003.11.29"]
[Round "8"]
[White "Hesselbarth, Karlheinz"]
[Black "Niebaum, Karl"]
[Result "0-1"]
[WhiteElo "1720"]
[BlackElo "1798"]
[PlyCount "72"]


1. d4 d5 2. Nf3 Nf6 3. e3 Bf5 4. c4 c6 5. Nc3 e6 6. Qb3 Qb6 7. c5 Qc7 8. Bd2
Nbd7 9. Rc1 Be7 10. Be2 O-O 11. Nh4 Bg4 12. g3 Bh3 13. f4 Ne4 14. Nf3 f5 15.
Nxe4 fxe4 16. Ne5 Nxe5 17. fxe5 Rf7 18. Kd1 Raf8 19. Be1 Bg5 20. Kd2 Bg2 21.
Rg1 Bf3 22. Bf1 Bg4 23. Bg2 h5 24. Kc2 Be2 25. Kd2 Bd3 26. Qd1 Rf2+ 27. Bxf2
Rxf2+ 28. Ke1 Bxe3 29. Qxh5 Re2+ 30. Qxe2 Bxe2 31. Kxe2 Bxg1 32. Rxg1 Qa5 33.
Bh3 Kf7 34. Rf1+ Ke7 35. Rf4 Qxa2 36. Rg4 Qxb2+ 0-1

[Event "13sen.WMH 2003 Senioren"]
[Site "Bad Zwischenahn(17.11.-29.11.2003)"]
[Date "2003.11.29"]
[Round "8"]
[White "Jakoby, Hans"]
[Black "Schueler, Wolfgang[36Lichtb]"]
[Result "1/2-1/2"]
[WhiteElo "1785"]
[BlackElo "1937"]
[PlyCount "24"]


1. d4 d5 2. c4 e6 3. Nf3 c6 4. Nc3 Nd7 5. e3 Ngf6 6. Bd3 dxc4 7. Bxc4 b5 8. Bd3
Bb7 9. O-O a6 10. e4 c5 11. d5 Qc7 12. dxe6 fxe6 1/2-1/2

[Event "13sen.WMH 2003 Senioren"]
[Site "Bad Zwischenahn(17.11.-29.11.2003)"]
[Date "2003.11.29"]
[Round "8"]
[White "Jessen, Ernst"]
[Black "Spindler, Egbert"]
[Result "1/2-1/2"]
[WhiteElo "1570"]
[BlackElo "1771"]
[PlyCount "31"]


1. e4 c5 2. b3 Nc6 3. Bb2 e5 4. Bb5 Nf6 5. Bxc6 dxc6 6. d3 Bd6 7. Nf3 O-O 8.
Nbd2 Qc7 9. Nc4 Nd7 10. Qe2 b5 11. Nxd6 Qxd6 12. Rd1 f6 13. O-O Nb6 14. h3 b4
15. Nd2 Qe7 16. f4 1/2-1/2

[Event "13sen.WMH 2003 Senioren"]
[Site "Bad Zwischenahn(17.11.-29.11.2003)"]
[Date "2003.11.29"]
[Round "8"]
[White "Juergens, Peter"]
[Black "Ousatchi, Mark"]
[Result "1/2-1/2"]
[WhiteElo "1835"]
[BlackElo "2041"]
[PlyCount "39"]


1. d4 d5 2. Nf3 Nf6 3. e3 Bf5 4. Nh4 Bg4 5. Nf3 e6 6. Be2 Nbd7 7. O-O Bd6 8. c4
c6 9. Nc3 Qc7 10. h3 Bh5 11. Bd2 O-O 12. c5 Be7 13. b4 Bxf3 14. Bxf3 e5 15. a4
e4 16. Be2 b6 17. Qc2 bxc5 18. bxc5 a5 19. Rfb1 Rfb8 20. Ra2 1/2-1/2

[Event "13sen.WMH 2003 Senioren"]
[Site "Bad Zwischenahn(17.11.-29.11.2003)"]
[Date "2003.11.29"]
[Round "8"]
[White "Kaiser, Hans[35BGladb]"]
[Black "Hippler, Hans-Werner"]
[Result "0-1"]
[WhiteElo "1583"]
[BlackElo "1456"]
[PlyCount "73"]


1. e4 c5 2. Nf3 d6 3. d4 cxd4 4. Nxd4 Bd7 5. Nc3 Nc6 6. Be3 g6 7. Qd2 Bg7 8.
Be2 Nf6 9. f3 O-O 10. O-O Rc8 11. g3 a6 12. Nxc6 Bxc6 13. Bh6 Qb6+ 14. Be3 Qc7
15. Rfd1 Rfd8 16. Bd3 d5 17. exd5 Nxd5 18. Nxd5 Rxd5 19. Qb4 b5 20. Re1 e6 21.
Be4 Rd7 22. Bxc6 Qxc6 23. c3 Rcd8 24. Qb3 Bf8 25. Kf1 Bc5 26. Bg5 Be7 27. Bxe7
Rxe7 28. a4 Qc4+ 29. Qxc4 bxc4 30. Re4 Rd2 31. Rxc4 Rxb2 32. Rb4 Rc2 33. Rc4
Rd7 34. h4 Rdd2 35. Rg4 Rxc3 36. Rb1 Kg7 37. Rb6 0-1

[Event "13sen.WMH 2003 Senioren"]
[Site "Bad Zwischenahn(17.11.-29.11.2003)"]
[Date "2003.11.29"]
[Round "8"]
[White "Kaner, Klim"]
[Black "Rudolph, Joachim"]
[Result "1-0"]
[WhiteElo "1911"]
[BlackElo "1653"]
[PlyCount "93"]


1. g3 f6 2. d4 e6 3. e4 d5 4. Bd3 dxe4 5. Bxe4 f5 6. Bd3 Nf6 7. Nf3 Bd7 8. Ne5
Nc6 9. Nxd7 Qxd7 10. c3 Bd6 11. O-O O-O-O 12. b4 Ne7 13. Qf3 Ned5 14. Re1 Rhe8
15. b5 Kb8 16. a4 Re7 17. a5 c6 18. bxc6 Qxc6 19. a6 b6 20. Bd2 Rc8 21. Na3 Nb4
22. Qxc6 Nxc6 23. Nb5 Bc7 24. c4 Rd8 25. Bc3 Rde8 26. f4 g6 27. Re2 Kc8 28. Bc2
Kb8 29. Kg2 Rf8 30. Rae1 Ne4 31. Bxe4 fxe4 32. Rxe4 Rfe8 33. Kf3 Kc8 34. d5
exd5 35. cxd5 Rxe4 36. Rxe4 Rxe4 37. Kxe4 Nb8 38. d6 Bd8 39. Nxa7+ Kd7 40. Kd5
Nxa6 41. Nc6 b5 42. Ne5+ Ke8 43. Bd4 b4 44. Ke6 b3 45. Nc6 Nc5+ 46. Bxc5 b2 47.
d7# 1-0

[Event "13sen.WMH 2003 Senioren"]
[Site "Bad Zwischenahn(17.11.-29.11.2003)"]
[Date "2003.11.29"]
[Round "8"]
[White "Karasev, Vladimir"]
[Black "Bogorad, Michail"]
[Result "1-0"]
[WhiteElo "2409"]
[BlackElo "2063"]
[PlyCount "145"]


1. c4 c5 2. Nf3 Nc6 3. d4 cxd4 4. Nxd4 g6 5. e4 Nf6 6. Nc3 d6 7. Be2 Nxd4 8.
Qxd4 Bg7 9. O-O O-O 10. Bg5 h6 11. Bd2 Be6 12. Qe3 Qc8 13. Rac1 Qc5 14. Qxc5
dxc5 15. f4 Rfd8 16. Be3 Rac8 17. f5 gxf5 18. exf5 Bd7 19. Rcd1 b6 20. Rf4 Bc6
21. Rh4 Rxd1+ 22. Bxd1 Kh7 23. Bc2 Rh8 24. a3 Kg8 25. b4 Nd7 26. Be4 Bxc3 27.
Bxc6 cxb4 28. Bxd7 bxa3 29. Bd4 Bxd4+ 30. Rxd4 Kg7 31. Ba4 Rc8 32. Bb3 b5 33.
Kf2 bxc4 34. f6+ Kxf6 35. Rxc4 Rb8 36. Rc6+ e6 37. Bc4 Rb2+ 38. Be2 Rb7 39. Ra6
Rc7 40. Rxa3 Rb7 41. Bf3 Rc7 42. Ra5 Kg6 43. Ra6 Rd7 44. Ke3 Kf6 45. Be4 Rc7
46. Kf4 Rd7 47. Ra3 Rc7 48. Rh3 Kg7 49. Rg3+ Kf6 50. Rg8 Rc4 51. Ke3 a5 52. Ra8
Rc5 53. Kd4 Rh5 54. h3 Rg5 55. Rh8 Kg7 56. Rh7+ Kg8 57. Rxh6 a4 58. Rf6 a3 59.
Rf2 Ra5 60. Bb1 Kg7 61. Ba2 e5+ 62. Ke4 f6 63. Kf5 Ra4 64. Rf3 Ra6 65. Rc3 Kf8
66. h4 Ra4 67. Kxf6 Rf4+ 68. Kxe5 Rxh4 69. Rxa3 Kg7 70. Ra7+ Kh6 71. Be6 Rb4
72. Kf6 Rg4 73. Rh7+ 1-0

[Event "13sen.WMH 2003 Senioren"]
[Site "Bad Zwischenahn(17.11.-29.11.2003)"]
[Date "2003.11.29"]
[Round "8"]
[White "Klein, Leo"]
[Black "Rettler, Heinz"]
[Result "1-0"]
[WhiteElo "1956"]
[BlackElo "1879"]
[PlyCount "72"]


1. d4 Nf6 2. Bf4 g6 3. Nd2 d5 4. h3 Bg7 5. Ngf3 O-O 6. e3 c5 7. Bd3 cxd4 8.
exd4 Nc6 9. c3 e6 10. O-O b6 11. Ne5 Nxe5 12. Bxe5 Nd7 13. Bd6 Re8 14. Bb5 Bf8
15. Bg3 a6 16. Bc6 Ra7 17. Qa4 Be7 18. c4 Rf8 19. cxd5 exd5 20. Bxd5 b5 21. Qc2
Nf6 22. Bb3 Bf5 23. Qc3 Nd5 24. Qf3 Be6 25. Ne4 Nc7 26. Rfd1 Bxb3 27. axb3 Nd5
28. Rac1 h6 29. Rc6 Qd7 30. Rdc1 Rd8 31. Bd6 Qf5 32. Ng3 Qd7 33. Ne4 Qf5 34.
Re1 Qe6 35. Bxe7 Qxc6 36. Bxd8 Rd7 1-0

[Event "13sen.WMH 2003 Senioren"]
[Site "Bad Zwischenahn(17.11.-29.11.2003)"]
[Date "2003.11.29"]
[Round "8"]
[White "Klein, Manfred[40Siegb]"]
[Black "Limberg, Siegfried"]
[Result "0-1"]
[WhiteElo "2137"]
[BlackElo "2035"]
[PlyCount "82"]


1. e4 e6 2. d4 d5 3. Nd2 Nf6 4. e5 Nfd7 5. Bd3 c5 6. c3 Nc6 7. Ngf3 cxd4 8.
cxd4 f6 9. Ng5 Ndxe5 10. dxe5 fxg5 11. Qh5+ Kd7 12. Nf3 Bb4+ 13. Kf1 h6 14. h4
gxh4 15. Rxh4 Rf8 16. Rf4 Kc7 17. Be3 Bd7 18. Rc1 Rxf4 19. Bxf4 Rc8 20. Qg4 Qf8
21. a3 Be7 22. Be3 Kd8 23. Bg6 Rc7 24. b4 b6 25. Bd2 b5 26. Bd3 g5 27. Bxb5
Nxe5 28. Nxe5 Rxc1+ 29. Bxc1 Bxb5+ 30. Kg1 Qf5 31. Qxf5 exf5 32. Nf7+ Ke8 33.
Nxh6 Bd7 34. Ng8 Bd8 35. Be3 a6 36. Bd4 Kf7 37. Nh6+ Kg6 38. Ng8 Be6 39. a4
Bxg8 40. b5 axb5 41. axb5 Be6 0-1

[Event "13sen.WMH 2003 Senioren"]
[Site "Bad Zwischenahn(17.11.-29.11.2003)"]
[Date "2003.11.29"]
[Round "8"]
[White "Knab, Horst"]
[Black "Kuhnert, Werner"]
[Result "1-0"]
[WhiteElo "1541"]
[BlackElo "1290"]
[PlyCount "89"]


1. Nf3 Nf6 2. c4 e6 3. a3 Nc6 4. d4 d5 5. c5 b6 6. b4 bxc5 7. bxc5 Be7 8. e3 a6
9. Bd3 O-O 10. O-O Nd7 11. Qc2 g6 12. Bd2 e5 13. Nxe5 Ndxe5 14. dxe5 Nxe5 15.
Be2 Bf5 16. Qc1 Bf6 17. Bc3 c6 18. Ra2 Bd3 19. Qd2 Bxe2 20. Qxe2 Re8 21. Rd1
Qe7 22. Bd4 Nd7 23. Bxf6 Qxf6 24. Rc2 Ne5 25. Qf1 Rad8 26. Rd4 Ra8 27. Nd2 Qf5
28. Rb2 Ng4 29. Rf4 Qe6 30. Nf3 Qd7 31. Rb6 Ne5 32. Rf6 Nxf3+ 33. Rxf3 a5 34.
Qb1 Qe6 35. Rf4 Qc8 36. h3 Rb8 37. Rf6 Rxb6 38. Qxb6 Re6 39. Rxe6 Qxe6 40. Qxa5
Qc8 41. Qb4 Qa6 42. a4 Kf8 43. a5 Ke8 44. Qb6 Qa8 45. a6 1-0

[Event "13sen.WMH 2003 Senioren"]
[Site "Bad Zwischenahn(17.11.-29.11.2003)"]
[Date "2003.11.29"]
[Round "8"]
[White "Kraidman, Yair"]
[Black "Werchan, Hans,Dr."]
[Result "1-0"]
[WhiteElo "2297"]
[BlackElo "2022"]
[PlyCount "87"]


1. d4 Nf6 2. c4 g6 3. Nc3 Bg7 4. e4 d6 5. f3 O-O 6. Be3 e5 7. Nge2 Nbd7 8. Qd2
a6 9. d5 Ne8 10. g4 f5 11. gxf5 gxf5 12. Bg5 Bf6 13. Rg1 Kh8 14. exf5 Nc5 15.
Bxf6+ Qxf6 16. b4 Qh4+ 17. Ng3 Nd7 18. O-O-O a5 19. b5 Nc5 20. Nce4 b6 21. Nxc5
bxc5 22. Bd3 Ng7 23. Rde1 Bxf5 24. Nxf5 Nxf5 25. Re4 Qf6 26. Rg5 Rf7 27. Reg4
Ne7 28. Be4 a4 29. a3 Rg8 30. h4 Rfg7 31. Qg2 Qh6 32. f4 exf4 33. Qb2 f3 34.
Kd1 Ng6 35. Bxg6 hxg6 36. Rxg6 Qe3 37. Rxg7 Qd3+ 38. Ke1 Qe3+ 39. Kf1 Qe2+ 40.
Qxe2 fxe2+ 41. Kxe2 Rxg7 42. Rxg7 Kxg7 43. Kf3 Kg6 44. Kg4 1-0

[Event "13sen.WMH 2003 Senioren"]
[Site "Bad Zwischenahn(17.11.-29.11.2003)"]
[Date "2003.11.29"]
[Round "8"]
[White "Krawinkel, Hans-Werner"]
[Black "Rychlik, Kurt"]
[Result "0-1"]
[WhiteElo "1756"]
[BlackElo "1868"]
[PlyCount "78"]


1. c4 c5 2. Nc3 Nc6 3. g3 g6 4. Bg2 Bg7 5. e3 d6 6. d3 Nf6 7. Nge2 O-O 8. O-O
e5 9. h3 Be6 10. Kh2 d5 11. cxd5 Nxd5 12. a3 Nde7 13. Rb1 Qd7 14. b4 cxb4 15.
axb4 Rad8 16. b5 Na5 17. Ba3 b6 18. f4 Rfe8 19. Qc1 Nf5 20. g4 Nh4 21. Bh1 Qxd3
22. Rd1 Qc4 23. Rxd8 Rxd8 24. Be7 Rd3 25. Bxh4 exf4 26. Rb2 fxe3 27. Be1 Nb3
28. Qb1 Bxc3 29. Nxc3 Rxc3 30. Bxc3 Qxc3 31. Rc2 Qe5+ 32. Kg1 Qg3+ 33. Bg2 Nd2
34. Qd1 Qf2+ 35. Kh2 Bd5 36. Rc8+ Kg7 37. Qa1+ Kh6 38. g5+ Kh5 39. Qd1+ e2 0-1

[Event "13sen.WMH 2003 Senioren"]
[Site "Bad Zwischenahn(17.11.-29.11.2003)"]
[Date "2003.11.29"]
[Round "8"]
[White "Kunze, Manfred"]
[Black "Krause, Armin"]
[Result "1/2-1/2"]
[WhiteElo "1550"]
[BlackElo "1309"]
[PlyCount "108"]


1. c4 e5 2. Nc3 Nf6 3. g3 c6 4. Bg2 Bc5 5. e3 d6 6. a3 a5 7. b3 Be6 8. Bb2 Nbd7
9. Na4 Ra6 10. Bc3 b5 11. Nb2 Qc8 12. b4 axb4 13. axb4 Rxa1 14. Qxa1 Bb6 15.
cxb5 cxb5 16. Ne2 O-O 17. O-O Bg4 18. Nc1 e4 19. Nd1 Re8 20. Nb3 Ne5 21. Bxe5
Rxe5 22. f3 Bh3 23. Bxh3 Qxh3 24. Nf2 Qe6 25. Nd4 Bxd4 26. exd4 Rh5 27. fxe4 h6
28. d5 Qd7 29. Qa8+ Kh7 30. Qc6 Qe7 31. d3 Qe5 32. Qxb5 Qd4 33. Qc4 Qe5 34. b5
Rg5 35. Kg2 Ng4 36. Nxg4 Rxg4 37. Rxf7 Qb2+ 38. Rf2 Qe5 39. Qc8 Rg5 40. b6 Qd4
41. h4 Rg6 42. Qf5 Qe3 43. h5 Qxg3+ 44. Kf1 Qxd3+ 45. Re2 Qd1+ 46. Re1 Qd3+ 47.
Kf2 Qd2+ 48. Re2 Qd4+ 49. Ke1 Qa1+ 50. Kd2 Qb2+ 51. Kd1 Qb1+ 52. Kd2 Qb2+ 53.
Kd1 Qb1+ 54. Kd2 Qb2+ 1/2-1/2

[Event "13sen.WMH 2003 Senioren"]
[Site "Bad Zwischenahn(17.11.-29.11.2003)"]
[Date "2003.11.29"]
[Round "8"]
[White "Lotsov Har-Zahav, Avraham"]
[Black "Delander, Adolf"]
[Result "1/2-1/2"]
[WhiteElo "2034"]
[BlackElo "2006"]
[PlyCount "56"]


1. d4 d5 2. c4 c6 3. Nc3 Nf6 4. Nf3 dxc4 5. a4 Bf5 6. e3 e6 7. Bxc4 Bb4 8. O-O
Nbd7 9. Qb3 a5 10. Ng5 Nb6 11. e4 Bg6 12. e5 Nfd5 13. Nxd5 Nxd5 14. Bd3 Qb6 15.
Bxg6 hxg6 16. Qf3 Rf8 17. Rd1 O-O-O 18. Ne4 Rd7 19. Rd3 Rh8 20. Bd2 Kb8 21.
Bxb4 Nxb4 22. Nc5 Re7 23. Rb3 Qd8 24. Rd1 Rh4 25. Ne4 Qd5 26. Re3 Nc2 27. Nc3
Qxf3 28. Rxf3 Rxd4 1/2-1/2

[Event "13sen.WMH 2003 Senioren"]
[Site "Bad Zwischenahn(17.11.-29.11.2003)"]
[Date "2003.11.29"]
[Round "8"]
[White "Lundberg, Gunnar"]
[Black "Semmler, Guenter"]
[Result "1/2-1/2"]
[WhiteElo "1874"]
[BlackElo "1951"]
[PlyCount "25"]


1. e4 d6 2. d4 Nf6 3. Nc3 Nbd7 4. f4 e5 5. Nf3 exd4 6. Qxd4 c6 7. Be3 Be7 8.
O-O-O O-O 9. h3 Qa5 10. Nd2 b5 11. Nb3 Qc7 12. g4 a6 13. g5 1/2-1/2

[Event "13sen.WMH 2003 Senioren"]
[Site "Bad Zwischenahn(17.11.-29.11.2003)"]
[Date "2003.11.29"]
[Round "8"]
[White "Lundgren, Bernt"]
[Black "Schneider, Miloca"]
[Result "0-1"]
[WhiteElo "2066"]
[BlackElo "1818"]
[PlyCount "90"]


1. d4 f5 2. Bg5 g6 3. Nd2 Bg7 4. Ngf3 Nf6 5. Bxf6 Bxf6 6. e4 fxe4 7. Nxe4 O-O
8. h4 d5 9. Nxf6+ exf6 10. h5 Qe7+ 11. Be2 g5 12. Qd2 Re8 13. Kf1 Be6 14. Re1
Nd7 15. g3 Nf8 16. Kg2 Qd7 17. Bd3 Bg4 18. h6 Rxe1 19. Nxe1 Re8 20. f3 Bf5 21.
Bxf5 Qxf5 22. Nd3 b6 23. Re1 Rxe1 24. Qxe1 Qe6 25. Qd2 Kf7 26. Nf2 Nd7 27. Qd3
f5 28. g4 Kg6 29. Nh1 Kxh6 30. gxf5 Qf7 31. Nf2 Kg7 32. Ng4 Qe7 33. Qc3 Nf6 34.
Ne5 c5 35. Qd2 Nh5 36. c3 Nf4+ 37. Kf1 Qf6 38. Qc2 Qh6 39. f6+ Qxf6 40. Qa4 Qf5
41. Qd1 Qh3+ 42. Ke1 Qg2 43. dxc5 bxc5 44. b4 c4 45. a4 h5 0-1

[Event "13sen.WMH 2003 Senioren"]
[Site "Bad Zwischenahn(17.11.-29.11.2003)"]
[Date "2003.11.29"]
[Round "8"]
[White "Marquardt, Rolf"]
[Black "Rodemann, Edmund"]
[Result "1/2-1/2"]
[WhiteElo "1774"]
[BlackElo "1801"]
[PlyCount "47"]


1. d4 f5 2. Bg5 g6 3. Nd2 Bg7 4. c3 Nf6 5. Bxf6 Bxf6 6. e4 fxe4 7. Nxe4 Bg7 8.
Bd3 O-O 9. Nf3 d5 10. Ned2 Qd6 11. O-O Nd7 12. Qc2 e5 13. dxe5 Nxe5 14. Be2 c6
15. Rad1 Nxf3+ 16. Nxf3 Qc7 17. c4 dxc4 18. Bxc4+ Kh8 19. Ng5 Bf5 20. Qb3 h6
21. Ne6 Bxe6 22. Bxe6 Rad8 23. Qe3 Qe5 24. Qxe5 1/2-1/2

[Event "13sen.WMH 2003 Senioren"]
[Site "Bad Zwischenahn(17.11.-29.11.2003)"]
[Date "2003.11.29"]
[Round "8"]
[White "Maugg, Ludwig"]
[Black "Rickers, Gerd"]
[Result "1/2-1/2"]
[WhiteElo "2043"]
[BlackElo "1957"]
[PlyCount "37"]


1. d4 d5 2. c4 c6 3. Nf3 Nf6 4. Nc3 dxc4 5. a4 Bf5 6. e3 e6 7. Bxc4 Bb4 8. O-O
Nbd7 9. Qe2 Bg6 10. e4 O-O 11. Bd3 Bh5 12. e5 Nd5 13. Nxd5 cxd5 14. Qe3 h6 15.
Ne1 Bxe1 16. Rxe1 Bg6 17. Bxg6 fxg6 18. Qg3 Kh7 19. a5 1/2-1/2

[Event "13sen.WMH 2003 Senioren"]
[Site "Bad Zwischenahn(17.11.-29.11.2003)"]
[Date "2003.11.29"]
[Round "8"]
[White "Mayers_Lorien, Dan E."]
[Black "Michaelis, Ernst"]
[Result "0-1"]
[WhiteElo "1997"]
[BlackElo "1820"]
[PlyCount "88"]


1. e4 c5 2. d4 cxd4 3. c3 d3 4. c4 Nc6 5. Bxd3 g6 6. Nc3 Bg7 7. Be3 d6 8. Qd2
Ne5 9. Be2 Nf6 10. Rd1 Qc7 11. b3 O-O 12. h3 Bd7 13. f4 Nc6 14. Nf3 Rad8 15. g4
Bc8 16. g5 Nh5 17. Kf2 f5 18. Nh4 Bxc3 19. Qxc3 Ng7 20. Bd3 e5 21. exf5 Nxf5
22. Nxf5 Bxf5 23. Kg3 Rf7 24. Rhf1 Rdf8 25. fxe5 dxe5 26. Bxf5 gxf5 27. Bc1 f4+
28. Kf2 e4 29. Bb2 Rg7 30. Qxg7+ Qxg7 31. Bxg7 Kxg7 32. Rd7+ Kg6 33. h4 e3+ 34.
Ke2 Kf5 35. Rxh7 Ke4 36. Rd7 f3+ 37. Ke1 Nd4 38. Rxd4+ Kxd4 39. g6 Kd3 40. h5
f2+ 41. Rxf2 exf2+ 42. Kf1 Ke3 43. g7 Rd8 44. Kg2 Ke2 0-1

[Event "13sen.WMH 2003 Senioren"]
[Site "Bad Zwischenahn(17.11.-29.11.2003)"]
[Date "2003.11.29"]
[Round "8"]
[White "Miessner, Rolf"]
[Black "Iken, Meindert"]
[Result "1-0"]
[WhiteElo "1616"]
[BlackElo "1476"]
[PlyCount "139"]


1. e4 e5 2. Nf3 Nc6 3. Bb5 Bc5 4. O-O Nf6 5. d3 h6 6. Nc3 Bd6 7. a3 O-O 8. b4
Qe7 9. Bc4 a6 10. Bb2 Nd8 11. Nd5 Nxd5 12. exd5 Kh8 13. Re1 f6 14. Nh4 Qf7 15.
Nf5 Qg6 16. Nxd6 cxd6 17. Re3 Nf7 18. Rg3 Qh7 19. Qd2 b5 20. Bb3 Bb7 21. Re1
Rac8 22. c4 Rfe8 23. Re4 f5 24. Rh4 f4 25. Rgg4 Qf5 26. f3 h5 27. Rh3 g6 28.
Qe2 Kg7 29. Rgh4 Rh8 30. g4 fxg3 31. Rxg3 g5 32. Qe4 Qf6 33. Bc1 Rcg8 34. Rg2
Kf8 35. Rh3 g4 36. fxg4 Ng5 37. Bxg5 Qxg5 38. Qf5+ Qxf5 39. gxf5 Rxg2+ 40. Kxg2
Rg8+ 41. Rg3 Rh8 42. h4 Rh6 43. Kf3 Kf7 44. Ke4 Rh8 45. Bd1 a5 46. Rg5 axb4 47.
axb4 Ra8 48. cxb5 Ra1 49. Bb3 Re1+ 50. Kf3 Rh1 51. Rxh5 Rf1+ 52. Kg3 Rf4 53.
Bc4 Rd4 54. Rh7+ Ke8 55. h5 Bxd5 56. Bxd5 Rxd5 57. Kg4 Rxd3 58. Kg5 Rg3+ 59.
Kf6 Kd8 60. Kf7 Kc7 61. h6 e4 62. Rh8 e3 63. Re8 Rh3 64. Kg7 Rg3+ 65. Kh8 d5
66. h7 d4 67. f6 Rf3 68. Kg7 Rh3 69. h8=Q Rxh8 70. Kxh8 1-0

[Event "13sen.WMH 2003 Senioren"]
[Site "Bad Zwischenahn(17.11.-29.11.2003)"]
[Date "2003.11.29"]
[Round "8"]
[White "Moeckel, Edgar,Dr."]
[Black "Fleischer, Martin"]
[Result "1-0"]
[WhiteElo "1805"]
[BlackElo "1681"]
[PlyCount "80"]


1. d4 d5 2. c4 dxc4 3. Nf3 e6 4. e3 Nf6 5. Bxc4 a6 6. O-O b5 7. Bb3 Bb7 8. Qe2
Nbd7 9. Rd1 c6 10. Nc3 Qc7 11. e4 Bb4 12. Bd2 Qa5 13. a3 Bxc3 14. Bxc3 Qb6 15.
Rac1 O-O 16. Bb4 Rfe8 17. Ba2 a5 18. Bd2 b4 19. axb4 axb4 20. Bc4 e5 21. Ng5
Re7 22. Be3 exd4 23. Bxd4 c5 24. Bxf6 Nxf6 25. f3 Rf8 26. Qe3 h6 27. Nh3 Rd7
28. e5 Rxd1+ 29. Rxd1 Nh7 30. e6 fxe6 31. Bxe6+ Kh8 32. Nf4 Rf6 33. Bc4 Nf8 34.
Qe5 b3 35. Nh5 Ng6 36. Qe8+ Nf8 37. Nxf6 Qxf6 38. Rd8 Kh7 39. Qxf8 Qh4 40. Bd3+
Be4 1-0

[Event "13sen.WMH 2003 Senioren"]
[Site "Bad Zwischenahn(17.11.-29.11.2003)"]
[Date "2003.11.29"]
[Round "8"]
[White "Molez, Karl"]
[Black "Simon, Eberhard[30Berlin]"]
[Result "1/2-1/2"]
[WhiteElo "1885"]
[BlackElo "1773"]
[PlyCount "76"]


1. d4 Nf6 2. c4 e5 3. d5 Bc5 4. e3 d6 5. Nc3 O-O 6. Nge2 Ng4 7. Ng3 f5 8. Qe2
f4 9. Nge4 fxe3 10. fxe3 Bb6 11. g3 Qe8 12. Bd2 Na6 13. h3 Qg6 14. Bg2 Nf6 15.
g4 Nxg4 16. O-O-O Nxe3 17. Bxe3 Bxe3+ 18. Qxe3 Qxg2 19. Kb1 Rf3 20. Qc1 Bf5 21.
Rdg1 Rxc3 22. bxc3 Qxe4+ 23. Ka1 g6 24. Rg5 Qc2 25. Qe1 Qe4 26. Qc1 Qf4 27. Qg1
Qxc4 28. Rg3 Nc5 29. Rh2 Ne4 30. Rf3 Rf8 31. h4 Nxc3 32. Qc1 Bd3 33. Rxf8+ Kxf8
34. Rf2+ Kg7 35. Qg5 Qxd5 36. Qf6+ Kh6 37. Qg5+ Kg7 38. Qf6+ Kh6 1/2-1/2

[Event "13sen.WMH 2003 Senioren"]
[Site "Bad Zwischenahn(17.11.-29.11.2003)"]
[Date "2003.11.29"]
[Round "8"]
[White "Mueller, Hartmut Dieter"]
[Black "Poschmann, Hans"]
[Result "0-1"]
[WhiteElo "1425"]
[BlackElo "1533"]
[PlyCount "96"]


1. d4 Nf6 2. c4 g6 3. Nc3 Bg7 4. Bg5 h6 5. Bf4 d6 6. h3 Nbd7 7. e3 c6 8. Nf3
O-O 9. Qd2 Kh7 10. Bd3 Re8 11. d5 Nc5 12. Bc2 e5 13. dxe6 Rxe6 14. Nd4 Re8 15.
g4 Nfe4 16. Nxe4 Nxe4 17. Bxe4 Rxe4 18. O-O-O c5 19. f3 Rxf4 20. exf4 Bxd4 21.
Qd3 Qf6 22. Qd2 Bd7 23. Rde1 Bc6 24. Rhf1 Kg7 25. g5 hxg5 26. fxg5 Qf5 27. Qg2
Qd3 28. Qc2 Qxc2+ 29. Kxc2 b5 30. b3 bxc4 31. bxc4 Rb8 32. Kd3 Rb2 33. Re7 Rxa2
34. Rc7 Ra3+ 35. Kc2 Rc3+ 36. Kd2 Rxf3 37. Re1 Bc3+ 38. Ke2 Bxe1 39. Kxe1 Be4
40. Rxa7 Rxh3 41. Rd7 Rd3 42. Ke2 Rd4 43. Ke3 Bd3 44. Re7 Bxc4 45. Re4 Rxe4+
46. Kxe4 d5+ 47. Ke3 d4+ 48. Kd2 Kf8 0-1

[Event "13sen.WMH 2003 Senioren"]
[Site "Bad Zwischenahn(17.11.-29.11.2003)"]
[Date "2003.11.29"]
[Round "8"]
[White "Mueller, Heinz[41Sandersd]"]
[Black "Grassmehl, Gerhard"]
[Result "1/2-1/2"]
[WhiteElo "1777"]
[BlackElo "1721"]
[PlyCount "64"]


1. d4 Nf6 2. Nf3 e6 3. e3 c5 4. c3 a6 5. Bd3 d5 6. O-O Bd6 7. Nbd2 Nc6 8. dxc5
Bxc5 9. e4 d4 10. Nb3 Ba7 11. Nbxd4 Nxd4 12. cxd4 h6 13. h3 O-O 14. Be3 b5 15.
e5 Nd5 16. Rc1 Bb7 17. Bb1 f5 18. exf6 Nxf6 19. Qe2 g5 20. Rfd1 Ne4 21. Nd2 Nf6
22. Qd3 Qe8 23. Rc7 Bd5 24. Rh7 Qh5 25. f3 Be4 26. Nxe4 Nxh7 27. Nd6 Nf6 28. g3
Qxh3 29. Qg6+ Kh8 30. Rd2 Qxg3+ 31. Rg2 Qe1+ 32. Kh2 Qh4+ 1/2-1/2

[Event "13sen.WMH 2003 Senioren"]
[Site "Bad Zwischenahn(17.11.-29.11.2003)"]
[Date "2003.11.29"]
[Round "8"]
[White "Neese, Hans-Joachim"]
[Black "Szczepaniec, Stanislaw"]
[Result "0-1"]
[WhiteElo "2132"]
[BlackElo "2206"]
[PlyCount "102"]


1. d4 Nf6 2. c4 g6 3. g3 Bg7 4. Bg2 d6 5. Nc3 Nc6 6. Nf3 O-O 7. O-O Bg4 8. h3
Bxf3 9. Bxf3 Nd7 10. e3 e5 11. d5 Ne7 12. e4 f5 13. Bg2 f4 14. Bd2 g5 15. Bf3
Nf6 16. Bg4 Kh8 17. Be6 Ng6 18. g4 Qe7 19. f3 c5 20. Qa4 Ne8 21. Qd7 Bf6 22. a3
Nc7 23. Qxe7 Bxe7 24. Bf5 Nh4 25. Kf2 Kg7 26. Ke2 h5 27. Be1 Nxf5 28. exf5 Rh8
29. Bf2 b5 30. b3 Rab8 31. Rab1 b4 32. axb4 Rxb4 33. Rb2 Rhb8 34. Rfb1 R4b7 35.
Ne4 Ne8 36. h4 Nf6 37. hxg5 Nxe4 38. fxe4 Bxg5 39. gxh5 a5 40. Kd3 a4 41. Kc3
Rxb3+ 42. Rxb3 Rxb3+ 43. Rxb3 axb3 44. Kxb3 Kh6 45. Kc2 Kxh5 46. Kd1 Kg4 47.
Ke2 f3+ 48. Kd3 Kh3 49. f6 Bxf6 50. Kd2 Bg5+ 51. Ke1 Kg2 0-1

[Event "13sen.WMH 2003 Senioren"]
[Site "Bad Zwischenahn(17.11.-29.11.2003)"]
[Date "2003.11.29"]
[Round "8"]
[White "Nolte, Wilhelm"]
[Black "Boehm, Karl"]
[Result "1-0"]
[WhiteElo "1670"]
[BlackElo "1615"]
[PlyCount "77"]


1. e4 c5 2. Nf3 d6 3. d4 cxd4 4. Nxd4 Nf6 5. Bd3 g6 6. h3 Bg7 7. Be3 O-O 8. Nc3
Nc6 9. Qd2 Bd7 10. Nxc6 Bxc6 11. Bh6 Qb6 12. Bxg7 Kxg7 13. Rb1 Qd4 14. Qe2 Rfe8
15. O-O Nh5 16. Kh1 a6 17. Rbd1 Qb4 18. Rb1 Qc5 19. Qd2 b5 20. Ne2 Rad8 21. b4
Qe5 22. f4 Qe6 23. Qc3+ Kg8 24. Qxc6 Qc8 25. Qd5 e6 26. Qg5 Qb7 27. f5 exf5 28.
exf5 Qd5 29. Qg4 Qe5 30. fxg6 Nf6 31. gxh7+ Kh8 32. Qh4 Re6 33. Nd4 Qh5 34.
Qxh5 Nxh5 35. Rxf7 Re3 36. Kh2 Ng7 37. Nf5 Nxf5 38. Rxf5 Rde8 39. Rf7 1-0

[Event "13sen.WMH 2003 Senioren"]
[Site "Bad Zwischenahn(17.11.-29.11.2003)"]
[Date "2003.11.29"]
[Round "8"]
[White "Nopp, Josef"]
[Black "Klopfer, Gert"]
[Result "1-0"]
[WhiteElo "1638"]
[BlackElo "1446"]
[PlyCount "75"]


1. Nf3 b5 2. e3 b4 3. d4 a5 4. Be2 Ba6 5. O-O Bxe2 6. Qxe2 d5 7. Nbd2 Ra6 8. a3
Rh6 9. Qb5+ c6 10. Qd3 e6 11. axb4 Bxb4 12. c3 Bd6 13. e4 Ne7 14. e5 Bc7 15.
Nb3 Rh5 16. g4 Rh3 17. Kg2 Rxf3 18. Qxf3 O-O 19. g5 Ng6 20. Qg4 Ne7 21. h4 g6
22. f4 Nf5 23. Rh1 Nd7 24. Rh3 Qa8 25. h5 Bb6 26. Nxa5 c5 27. Nb3 Qb7 28. dxc5
Bxc5 29. Nxc5 Nxc5 30. b4 Ne4 31. Qe2 Ra8 32. Rxa8+ Qxa8 33. h6 d4 34. Kh2 Nxc3
35. Rxc3 dxc3 36. Qd3 Qa2+ 37. Kh3 Qa1 38. Qd8# 1-0

[Event "13sen.WMH 2003 Senioren"]
[Site "Bad Zwischenahn(17.11.-29.11.2003)"]
[Date "2003.11.29"]
[Round "8"]
[White "Ofstad, Per"]
[Black "Johannsen, Ingbert"]
[Result "1-0"]
[WhiteElo "2180"]
[BlackElo "1957"]
[PlyCount "69"]


1. Nf3 f5 2. c4 Nf6 3. Nc3 g6 4. g3 Bg7 5. Bg2 O-O 6. O-O d6 7. d4 c6 8. Qc2
Na6 9. b3 Qe8 10. Ba3 h6 11. Rae1 Qf7 12. e4 fxe4 13. Nxe4 Bf5 14. Nh4 Bxe4 15.
Bxe4 Nxe4 16. Qxe4 g5 17. Ng6 Rfe8 18. Nxe7+ Kh8 19. Bxd6 Rad8 20. c5 Nb4 21.
f4 g4 22. f5 Nd5 23. Ng6+ Kg8 24. Ne5 Qh5 25. Qd3 Qg5 26. Ng6 h5 27. Re6 Rxe6
28. fxe6 Re8 29. e7 Bf6 30. Qe4 Kg7 31. Nf4 Nxf4 32. Rxf4 Qg6 33. Rf5 Qf7 34.
Be5 Rxe7 35. Rxf6 1-0